TV Shows Abroad (1960s) Quiz Stats

Quiz Updated Aug 15, 2016

Challenge
Share
Tweet
Embed
Score 0/13 Timer 03:00
6 Plays Today
% Correct
Bewitched
97.7%
The Flintstones
97.4%
Gilligan's Island
97.2%
The Twilight Zone
96%
The Fugitive
94.8%
Green Acres
93.9%
The Beverly Hillbillies
93.2%
That Girl
91.8%
Rawhide
87.7%
Get Smart
85.6%
McHale's Navy
81.5%
Hogan's Heroes
73.2%
The Man from U.N.C.L.E.
61.3%

You're not logged in!

Compare scores with friends on all Sporcle quizzes.
Sign Up with Email
OR
Log In

You Might Also Like...

Show Comments

Extras

Top Quizzes Today


Score Distribution

Your Account Isn't Verified!

In order to create a playlist on Sporcle, you need to verify the email address you used during registration. Go to your Sporcle Settings to finish the process.